000
00298nam a22001337a 4500
008
170911b xxu||||| |||| 00| 0 eng d
020
_a
9780077314415
041
_a
eng
080
_2
2ND
_a
52
100
_a
42
101
_a
AST
245
_a
PATHWAYS TO ASTRONOMY
_c
SCHNEIDER,S.E
942
_2
udc
_c
BK
999
_c
27017
_d
27017